Katalog Plus
Bibliothek der Frankfurt UAS
Bald neuer Katalog: sichern Sie sich schon vorab Ihre persönlichen Merklisten im Nutzerkonto: Anleitung.

Agile Software-Produktlinienentwicklung im Kontext heterogener Projektlandschaften

Titel: Agile Software-Produktlinienentwicklung im Kontext heterogener Projektlandschaften / Christoph Schulze ; Bernhard Rumpe, Ina Schaefer
Verfasser:
Beteiligt: ;
Veröffentlicht: Aachen : Universitätsbibliothek der RWTH Aachen, 2022
Umfang: 1 Online-Ressource
Format: E-Book
Sprache: Deutsch
Hochschulschrift: Dissertation, RWTH Aachen University, 2019
Schlagworte:
Kein Bild verfügbar
X
alg: 49550557
001A    $06000:09-06-22 
001B    $01999:22-11-24 $t18:02:00.000 
001D    $06000:09-06-22 
001U    $0utf8 
001X    $00 
002@    $0Oax 
002C    $aText $btxt $2rdacontent 
002D    $aComputermedien $bc $2rdamedia 
002E    $aOnline-Ressource $bcr $2rdacarrier 
003@    $0495505579 
004P    $010.18154/RWTH-2019-06159 
004U    $0urn:nbn:de:101:1-2022050705105356832150 
006G    $01256995150 
006U    $022,O06 $f20220507 
007A    $01256995150 $aDNB 
009Q    $uhttps://doi.org/10.18154/RWTH-2019-06159 $xR 
009Q    $uhttps://nbn-resolving.org/urn:nbn:de:101:1-2022050705105356832150 $xR 
009Q    $qapplication/pdf $S0 $uhttps://publications.rwth-aachen.de/record/763222 $xH 
010@    $ager 
011@    $a2022 $n2022 
013D    $RWissenschaftliche Literatur $#Dissertations, Academic $#Thèses et écrits académiques $74113937-9 $8Hochschulschrift [Ts1] $9085338818 
021A    $aAgile Software-Produktlinienentwicklung im Kontext heterogener Projektlandschaften $hChristoph Schulze ; Bernhard Rumpe, Ina Schaefer 
028A    $BVerfasser $4aut $D20231015 $Ecgwrk $8Schulze, Christoph [Tp3] $9449934314 
028C    $aRumpe $BAkademischer Betreuer $dBernhard $4dgs 
028C    $aSchaefer $BAkademischer Betreuer $dIna $4dgs 
033A    $pAachen $nUniversitätsbibliothek der RWTH Aachen 
034D    $a1 Online-Ressource 
037A    $aDüren : Shaker Verlag, 2019 (Aachener Informatik Berichte, Software Engineering; 40) 
037C    $dDissertation $eRWTH Aachen University $f2019 
044K    $qDNB $RProdukt $#Computer software $#Logiciels $74329116-8 $8Softwareprodukt [Ts1] $9088075184 
044K    $qDNB $RProduktlebenszyklus $#Product lines $74336076-2 $8Produktlinie [Ts1] $9088124517 
044K    $qDNB $RFahrzeug $RAutonomer Roboter $RUnbemanntes Fahrzeug $#Automated vehicles $#Véhicules autonomes $#Autonomous Vehicles $#Autonomes Fahrzeug $#Selbstfahrendes Fahrzeug $#Autonomes Fahren $#Automatisiertes Fahren $77714938-5 $8Autonomes Fahrzeug [Ts1] $9226688410 
044K    $qDNB $RSystemplattform $#Software-Plattform $74702244-9 $8Softwareplattform [Ts1] $9107503018 
044K    $qDNB $#variants $74199570-3 $8Variante [Ts1] $9086006789 
044K    $qDNB $RSoftwareentwicklung $#Agile software development $#Desarrollo de software ágil $#Agile Software Development $#Leichtgewichtige Softwareentwicklung $74806620-5 $8Agile Softwareentwicklung [Ts1] $9125282621 
045B    $a629.2 $ADNB $e23kdnb $Emaschinell gebildet $K0,83046 
045E    $c620 
046X    $aArchivierung/Langzeitarchivierung gewährleistet $5DE-101 

lok: 49550557 3

exp: 49550557 3 1 #EPN
201B/01 $009-06-22 $t23:02:34.320 
201C/01 $009-06-22 
201U/01 $0utf8 
203@/01 $01203030827 
208@/01 $a09-06-22 $bl 
209S/01 $S0 $uhttps://publications.rwth-aachen.de/record/763222 $XH 

lok: 49550557 5

exp: 49550557 5 1 #EPN
201B/01 $009-06-22 $t23:02:34.328 
201C/01 $009-06-22 
201U/01 $0utf8 
203@/01 $01203030835 
208@/01 $a09-06-22 $bl 
209S/01 $S0 $uhttps://publications.rwth-aachen.de/record/763222 $XH 

lok: 49550557 8

exp: 49550557 8 1 #EPN
201B/01 $009-06-22 $t23:02:34.334 
201C/01 $009-06-22 
201U/01 $0utf8 
203@/01 $01203030843 
208@/01 $a09-06-22 $bl 
209S/01 $S0 $uhttps://publications.rwth-aachen.de/record/763222 $XH 

lok: 49550557 10

exp: 49550557 10 1 #EPN
201B/01 $009-06-22 $t23:02:34.340 
201C/01 $009-06-22 
201U/01 $0utf8 
203@/01 $01203030851 
208@/01 $a09-06-22 $bl 
209S/01 $S0 $uhttps://publications.rwth-aachen.de/record/763222 $XH 

lok: 49550557 11

exp: 49550557 11 1 #EPN
201B/01 $009-06-22 $t23:02:34.345 
201C/01 $009-06-22 
201U/01 $0utf8 
203@/01 $0120303086X 
208@/01 $a09-06-22 $bl 
209S/01 $S0 $uhttps://publications.rwth-aachen.de/record/763222 $XH 

lok: 49550557 20

exp: 49550557 20 1 #EPN
201B/01 $009-06-22 $t23:02:34.350 
201C/01 $009-06-22 
201U/01 $0utf8 
203@/01 $01203030878 
208@/01 $a09-06-22 $bl 
209S/01 $S0 $uhttps://publications.rwth-aachen.de/record/763222 $XH 

lok: 49550557 21

exp: 49550557 21 1 #EPN
201B/01 $009-06-22 $t23:02:34.355 
201C/01 $009-06-22 
201U/01 $0utf8 
203@/01 $01203030886 
208@/01 $a09-06-22 $bl 
209S/01 $S0 $uhttps://publications.rwth-aachen.de/record/763222 $XH 

lok: 49550557 23

exp: 49550557 23 1 #EPN
201B/01 $009-06-22 $t23:02:34.360 
201C/01 $009-06-22 
201U/01 $0utf8 
203@/01 $01203030894 
208@/01 $a09-06-22 $bl 
209S/01 $S0 $uhttps://publications.rwth-aachen.de/record/763222 $XH 

lok: 49550557 25

exp: 49550557 25 1 #EPN
201B/01 $009-06-22 $t23:02:34.367 
201C/01 $009-06-22 
201U/01 $0utf8 
203@/01 $01203030908 
208@/01 $a09-06-22 $bl 
209S/01 $S0 $uhttps://publications.rwth-aachen.de/record/763222 $XH 

lok: 49550557 49

exp: 49550557 49 1 #EPN
201B/01 $009-06-22 $t23:02:34.372 
201C/01 $009-06-22 
201U/01 $0utf8 
203@/01 $01203030916 
208@/01 $a09-06-22 $bl 
209S/01 $S0 $uhttps://publications.rwth-aachen.de/record/763222 $XH 

lok: 49550557 108

exp: 49550557 108 1 #EPN
201B/01 $009-06-22 $t23:02:34.380 
201C/01 $009-06-22 
201U/01 $0utf8 
203@/01 $01203030932 
208@/01 $a09-06-22 $bl 
209S/01 $S0 $uhttps://publications.rwth-aachen.de/record/763222 $XH 

lok: 49550557 204

exp: 49550557 204 1 #EPN
201B/01 $009-06-22 $t23:02:34.385 
201C/01 $009-06-22 
201U/01 $0utf8 
203@/01 $01203030940 
208@/01 $a09-06-22 $bl 
209S/01 $S0 $uhttps://publications.rwth-aachen.de/record/763222 $XH 

lok: 49550557 205

exp: 49550557 205 1 #EPN
201B/01 $009-06-22 $t23:02:34.391 
201C/01 $009-06-22 
201U/01 $0utf8 
203@/01 $01203030959 
208@/01 $a09-06-22 $bl 
209S/01 $S0 $uhttps://publications.rwth-aachen.de/record/763222 $XH
LEADER 00000cam a22000002c 4500
001 495505579
003 DE-603
005 20241122180200.0
007 cr||||||||||||
008 220609s2022 xx |||| om u00||u|ger
015 |a 22,O06  |2 dnb 
016 7 |2 DE-101  |a 1256995150 
024 7 |a 10.18154/RWTH-2019-06159  |2 doi 
024 7 |a urn:nbn:de:101:1-2022050705105356832150  |2 urn 
035 |a (DE-599)DNB1256995150 
040 |a DE-603  |b ger  |c DE-603  |d DE-603 
041 |a ger 
082 7 |8 1\p  |a 629.2  |2 23kdnb 
084 |a 620  |q DE-101  |2 sdnb 
100 1 |a Schulze, Christoph  |e Verfasser  |4 aut  |0 (DE-603)449934314  |0 (DE-588)1188527851  |2 gnd 
245 0 0 |a Agile Software-Produktlinienentwicklung im Kontext heterogener Projektlandschaften  |c Christoph Schulze ; Bernhard Rumpe, Ina Schaefer 
264 1 |a Aachen  |b Universitätsbibliothek der RWTH Aachen  |c 2022 
300 |a 1 Online-Ressource 
336 |a Text  |b txt  |2 rdacontent 
337 |a Computermedien  |b c  |2 rdamedia 
338 |a Online-Ressource  |b cr  |2 rdacarrier 
500 |a Düren : Shaker Verlag, 2019 (Aachener Informatik Berichte, Software Engineering; 40) 
502 |b Dissertation  |c RWTH Aachen University  |d 2019 
650 7 |a Softwareprodukt  |0 (DE-588)4329116-8  |0 (DE-603)088075184  |2 gnd 
650 7 |a Produktlinie  |0 (DE-588)4336076-2  |0 (DE-603)088124517  |2 gnd 
650 7 |a Autonomes Fahrzeug  |0 (DE-588)7714938-5  |0 (DE-603)226688410  |2 gnd 
650 7 |a Softwareplattform  |0 (DE-588)4702244-9  |0 (DE-603)107503018  |2 gnd 
650 7 |a Variante  |0 (DE-588)4199570-3  |0 (DE-603)086006789  |2 gnd 
650 7 |a Agile Softwareentwicklung  |0 (DE-588)4806620-5  |0 (DE-603)125282621  |2 gnd 
655 7 |a Hochschulschrift  |2 gnd-content  |0 (DE-588)4113937-9  |0 (DE-603)085338818 
700 1 |a Rumpe, Bernhard  |e Akademischer Betreuer  |4 dgs 
700 1 |a Schaefer, Ina  |e Akademischer Betreuer  |4 dgs 
856 |u https://doi.org/10.18154/RWTH-2019-06159  |x Resolving-System 
856 |u https://nbn-resolving.org/urn:nbn:de:101:1-2022050705105356832150  |x Resolving-System 
856 |q application/pdf  |u https://publications.rwth-aachen.de/record/763222  |x Verlag  |z kostenfrei 
883 0 |8 1\p  |a maschinell gebildet  |c 0,83046  |q DE-101 
924 1 |9 603  |a (DE-603)1203030827  |b DE-603  |c HES  |d d 
924 1 |9 603  |a (DE-603)1203030835  |b DE-603  |c HES  |d d 
924 1 |9 603  |a (DE-603)1203030843  |b DE-603  |c HES  |d d 
924 1 |9 603  |a (DE-603)1203030851  |b DE-603  |c HES  |d d 
924 1 |9 603  |a (DE-603)120303086X  |b DE-603  |c HES  |d d 
924 1 |9 603  |a (DE-603)1203030878  |b DE-603  |c HES  |d d 
924 1 |9 603  |a (DE-603)1203030886  |b DE-603  |c HES  |d d 
924 1 |9 603  |a (DE-603)1203030894  |b DE-603  |c HES  |d d 
924 1 |9 603  |a (DE-603)1203030908  |b DE-603  |c HES  |d d 
924 1 |9 603  |a (DE-603)1203030916  |b DE-603  |c HES  |d d 
924 1 |9 603  |a (DE-603)1203030932  |b DE-603  |c HES  |d d 
924 1 |9 603  |a (DE-603)1203030940  |b DE-603  |c HES  |d d 
924 1 |9 603  |a (DE-603)1203030959  |b DE-603  |c HES  |d d